Una aproximación sociológica a la noción de convención social. = A sociological approach to the notion of social convention /

সংরক্ষণ করুন:
গ্রন্থ-পঞ্জীর বিবরন
প্রধান লেখক: Miller Mora, Luis
বিন্যাস: পাঠ‍্য
ট্যাগগুলো: ট্যাগ যুক্ত করুন
কোনো ট্যাগ নেই, প্রথমজন হিসাবে ট্যাগ করুন!

MARC

LEADER 00000 a a2200000 04500
001 16583
003
040
100 |a Miller Mora, Luis  
245 |a Una aproximación sociológica a la noción de convención social. =   |b A sociological approach to the notion of social convention /  |c Luis Miller Mora 
773 |g volumen 70, número 4; páginas 649-673  
999 |c 37359  |d 37359